000
00350nam a2200169Ia 4500
100
_a
Datt/Gaurav/ Mahajan/Ashwani
650
_a
Economy
250
_a
66
942
_c
BK
366
_f
20
245
_a
Indian Economy
260
_b
S.Chand and Co
_c
2005
082
_a
338.9
_b
DAT
300
_a
669
546
_a
ENGLISH
_c
Computers
999
_c
31973
_d
31973